000
00321nam a22001337a 4500
082
_a
425
_b
VER/T
100
_a
PAUL VARGHESE, C
245
_a
TEACHING ENGLISH AS A SECOND LANGUAGE
250
_a
SEVENTH
260
_a
NEW DELHI
_b
STERLING PUBLISHERS
_c
2005
300
_a
121
650
_a
VOCABULARY
_z
NEW DELHI
942
_c
BK
999
_c
3955
_d
3955